00398pab a2200133 454500008004000000100002400040245004800064260000900112300001300121362001200134650004100146650002600187773005100213180718b2014 xxu||||| |||| 00| 0 eng d aWani, Sajad Hussain aIndo-Pak engagement: Problems and prospects c2014 ap.33-36. aJul-Dec aIndia - Foreign relations - Pakistan aInternatinal relation aSouth Asian Journal of Socio-Political Studies